00864nab a2200265 uc450000100070000000500170000700800410002403500110006503500210007604000130009704100080011010000300011824500420014865000300019065000270022065000290024765000120027665000440028865000210033265000140035365000440036765000420041165000430045377301020049669811320240918090808.0011008e19970801 fre  a698113 a(OCoLC)819918945 ccomduadb afre10aGoumaida, Lynda4auteaut10aQuels apprentissages culturels en fls aApprentissage des langues 0aEnseñanza de idiomas aEnseignement des langues aCulture 7aAdquisición de segundo lenguaje2lemb aLangue francaise aFrancés 7aAdquisición de segundo lenguaje2lemb 7aLenguaje y lenguasxEnseñanza2lemb 7aAntropología de la educación2lemb0 tDiagonales (Francia)gNo. 43, Aou. 1997/Diagonales (Francia), p. 29-31w690592x0982-96440215352